MARC details
| 000 -LEADER |
| campo de control de longitud fija |
01914nms a2200493 i 4500 |
| 001 - NÚMERO DE CONTROL |
| campo de control |
195448 |
| 003 - IDENTIFICADOR DE NÚMERO DE CONTROL |
| campo de control |
SpMaBN |
| 005 - FECHA Y HORA DE LA ÚLTIMA TRANSACCIÓN |
| campo de control |
20250802231949.0 |
| 007 - CAMPO FIJO DE DESCRIPCIÓN FÍSICA--INFORMACIÓN GENERAL |
| campo de control de longitud fija |
co cga||||||a| |
| 008 - DATOS DE LONGITUD FIJA--INFORMACIÓN GENERAL |
| campo de control de longitud fija |
240614d2003200usp uu p f0uuub0spa |
| 010 ## - NÚMERO DE CONTROL DE LA BIBLIOTECA DEL CONGRESO |
| Número de control de LC |
c |
| Número de control de NUCMC |
1 |
| 015 ## - NÚMERO DE BIBLIOGRAFÍA NACIONAL |
| Número de bibliografía nacional |
REV03 |
| 016 7# - NÚMERO DE CONTROL DE UNA AGENCIA BIBLIOGRÁFICA NACIONAL |
| Número de control del registro |
biseBNE20030052906 |
| Fuente |
SpMaBN |
| 017 ## - NÚMERO DE COPYRIGHT O DE DEPÓSITO LEGAL |
| Número de copyright o de depósito legal |
M 7833-2003 |
| Agencia que asigna |
Oficina Depósito Legal Madrid |
| 022 0# - NÚMERO INTERNACIONAL NORMALIZADO PARA PUBLICACIONES SERIADAS |
| Número Internacional Normalizado para Publicaciones Seriadas |
1696-7119 |
| Fuente |
_u |
| 035 ## - NÚMERO DE CONTROL DEL SISTEMA |
| Número de control de sistema |
(OCoLC)436801903 |
| 035 ## - NÚMERO DE CONTROL DEL SISTEMA |
| Número de control de sistema |
bise0000105546 |
| 040 ## - FUENTE DE CATALOGACIÓN |
| Centro catalogador/agencia de origen |
SpMaBN |
| Lengua de catalogación |
spa |
| Centro/agencia transcriptor |
SpMaBN |
| Normas de descripción |
rdc |
| Centro/agencia modificador |
ES-MaACL |
| 080 ## - NÚMERO DE LA CLASIFICACIÓN DECIMAL UNIVERSAL |
| Número de la Clasificación Decimal Universal |
355.48(460) |
| 130 0# - ENTRADA PRINCIPAL--TÍTULO UNIFORME |
| Título uniforme |
Revista de historia militar (DVD) |
| 9 (RLIN) |
236989 |
| 210 0# - TÍTULO ABREVIADO |
| Título abreviado |
Rev. hist. mil. |
| Información calificativa |
DVD |
| 222 #0 - TÍTULO CLAVE |
| Título clave |
Revista de historia militar |
| Información calificativa |
DVD |
| 245 10 - MENCIÓN DEL TÍTULO |
| Título |
Revista de historia militar |
| Medio |
[Recurso electrónico] |
| 260 ## - PUBLICACIÓN, DISTRIBUCIÓN, ETC. |
| Lugar de publicación, distribución, etc. |
[Madrid] : |
| Nombre del editor, distribuidor, etc. |
Ministerio de Defensa, Centro de Publicaciones, |
| Fecha de publicación, distribución, etc. |
D.L. 2003- |
| 300 ## - DESCRIPCIÓN FÍSICA |
| Extensión |
1 disco (DVD) ; |
| Dimensiones |
12 cm |
| 336 ## - TIPO DE CONTENIDO |
| Fuente |
rdacontent |
| Término de tipo de contenido |
texto |
| 337 ## - TIPO DE MEDIO |
| Fuente |
rdamedia |
| Nombre/término del tipo de medio |
sin mediación |
| 338 ## - TIPO DE SOPORTE |
| Fuente |
rdacarrier |
| Nombre/término del tipo de soporte |
volumen |
| 362 0# - FECHAS DE PUBLICACIÓN Y/O DESIGNACIÓN SECUENCIAL |
| Fecha de publicación y/o designación secuencial |
N. 1 (1957)/n. 91 (2001)- |
| 490 1# - MENCIÓN DE SERIE |
| Materiales especificados |
Recopilación digital de publicaciones periódicas de Defensa |
| 515 ## - NOTA DE PECULIARIDADES DE LA NUMERACIÓN |
| Nota de peculiaridades de la numeración |
Disco acumulativo |
| 530 ## - NOTA DISPONIBLE DE FORMULARIO FÍSICO ADICIONAL |
| Nota de formato físico adicional disponible |
Edición en DVD de: Revista de historia militar = ISSN 0482-5748 |
| 538 ## - NOTA DE DETALLES DEL SISTEMA |
| Nota de detalles del sistema |
Características técnicas: Pentium; 16 MB de RAM; Windows 95, 98, 2000 |
| 550 ## - NOTA DE ENTIDAD RESPONSABLE |
| Nota de entidad responsable |
Ministerio de Defensa. Secretaría General Técnica. Centro de Publicaciones |
| 651 #7 - PUNTO DE ACCESO ADICIONAL DE MATERIA--NOMBRE GEOGRÁFICO |
| Nombre geográfico |
España- |
| Subdivisión general |
Historia militar |
| 9 (RLIN) |
144916 |
| 655 #7 - TERMINO DE INDIZACIÓN--GENERO/FORMA |
| Datos o término principal de género/forma |
Revistas |
| Fuente del término |
tgfbne |
| 9 (RLIN) |
226866 |
| 710 1# - ENTRADA AGREGADA--NOMBRE DE ENTIDAD CORPORATIVA |
| Nombre de entidad corporativa o nombre de jurisdicción como elemento de entrada |
España. |
| Unidad subordinada |
Ministerio de Defensa |
| 9 (RLIN) |
3853 |
| 776 1# - ENTRADA DE FORMULARIO FÍSICO ADICIONAL |
| Información de relación |
Versión impresa |
| Número de control del registro |
1902 |
| biblionumber |
1902 |
| Título |
Revista de historia militar = |
| Número Internacional Normalizado para Publicaciones Seriadas |
ISSN 0482-5748 |
| 830 ## - PUNTO DE ACCESO ADICIONAL DE SERIE-TÍTULO UNIFORME |
| Título uniforme |
Recopilación digital de publicaciones periódicas de Defensa |
| 9 (RLIN) |
236991 |
| 852 ## - LOCALIZACIÓN |
| Ubicación |
ES-MaACL |
| Ubicación en estantería |
Despachos-biblioteca |
| Número de control de estantería |
DES-ROTATIVO-2 |
| itemnumber |
203506 |
| 942 ## - ELEMENTOS DE ENTRADA SECUNDARIOS (KOHA) |
| Fuente del sistema de clasificación o colocación |
Clasificación decimal universal |
| Tipo de ítem Koha |
DVD |
| Suprimir en OPAC |
No |
| 955 ## - CATALOGADOR - EDICIÓN |
| Nombre de catalogador |
Pilar Fernández Vera |